Ангел пролетел. Персональный ангел: рассказ, роман

Бібліографічні деталі
Автор: Устинова Т. В. Татьяна Витальевна
Мова:Російська
Опубліковано: Москва, Эксмо, 2008
Серія:Angel детектив
Предмети:
Формат: Книга
KOHA link:https://koha.lib.tpu.ru/cgi-bin/koha/opac-detail.pl?biblionumber=150005

MARC

LEADER 00000nam0a2200000 4500
001 150005
005 20231031150057.0
010 |a 9785699291656 
035 |a (RuTPU)RU\TPU\book\162616 
090 |a 150005 
100 |a 20081224d2008 m y0rusy50 ca 
101 0 |a rus 
102 |a RU 
105 |a a z 000ay 
200 1 |a Ангел пролетел. Персональный ангел  |e рассказ, роман  |f Т. В. Устинова 
210 |a Москва  |c Эксмо  |d 2008 
215 |a 352 с.  |c ил. 
225 1 |a Angel детектив 
610 1 |a русская литература 
610 1 |a романы 
610 1 |a детективы 
675 |a Р2  |v 3 
700 1 |a Устинова  |b Т. В.  |g Татьяна Витальевна 
801 1 |a RU  |b 63413507  |c 20081224  |g PSBO 
801 2 |a RU  |b 63413507  |c 20090115  |g PSBO 
942 |c BK